Statistiques concernant Pays d'Europe à placer

Cliquez ici pour prendre le quiz!

Statistiques générales

  • Ce quiz a été pris 8 966 fois
  • Le résultat moyen est 28 sur 45

Réponses sur la Carte

Les réponses sont colorées sur une échelle allant du rouge au vert en fonction du pourcentage des utilisateurs qui les ont devinées à leur premier essai. Vous pouvez retrouver ces pourcentages ci-dessous.
 

Statistiques - réponses

Réponse% Correct
France
82%
Allemagne
81%
Espagne
80%
Italie
78%
Belgique
77%
Portugal
77%
Royaume-Uni
77%
Irlande
75%
Russie
75%
Grèce
73%
Luxembourg
73%
Suisse
73%
Andorre
71%
Danemark
70%
Islande
70%
Pays-Bas
70%
Finlande
69%
Monaco
69%
Pologne
69%
Ukraine
68%
Norvège
66%
Suède
66%
Biélorussie
65%
Malte
65%
Vatican
65%
Autriche
63%
Liechtenstein
63%
Estonie
62%
Croatie
61%
Saint-Marin
60%
Lettonie
59%
Roumanie
59%
Lituanie
57%
République Tchèque
54%
Kosovo
46%
Albanie
45%
Moldavie
45%
Hongrie
44%
Bulgarie
43%
Slovénie
42%
Macédoine du Nord
41%
Monténégro
41%
Bosnie-Herzégovine
40%
Serbie
39%
Slovaquie
38%

Distribution des résultats

Percentile par nombre de réponses

% des personnes avec chaque résultat

Votre développement - résultats

Vous n’avez pas pris ce quiz